000 00969nam a22002417a 4500
999 _c5123
_d5123
003 OSt
005 20250626085011.0
008 250626b ||||| |||| 00| 0 eng d
020 _a9781407191294
040 _cKH8
082 _aFIC COL
100 _aCollins, Suzanne,
_eauthor.
245 _aThe Hunger Games /
_cSuzanne Collins.
260 _aNew York ;
_bScholastic Press,
_c2018.
300 _a435 pages :
_c20 cm.
490 _aThe Hunger Games trilogy.
520 _aIn a future North America, where the rulers of Panem maintain control through an annual televised survival competition pitting young people from each of the twelve districts against one another, sixteen-year-old Katniss's skills are put to the test when she voluntarily takes her younger sister's place.
650 _aSurvival
_vFicton.
650 _aSurvival television programs
_vFiction
650 _aTelevision programs
_vFiction
830 _aHunger Games trilogy ;
942 _2ddc
_cFIC